[Event "IECC Swiss-486.3"]
[Site "IECC email"]
[Date "2005.10.19"]
[Round "?"]
[White "Sheng, Wu"]
[Black "MacDonald, Weldon"]
[Result "1/2-1/2"]
[WhiteElo "1271"]
[BlackElo "1605"]
[PlyCount "78"]
[EventDate "2005.??.??"]
[EventType "swiss (corr)"]
[EventRounds "1"]
[SourceTitle "Corr 2020"]
[Source "ChessBase"]
[SourceDate "2019.09.30"]
[SourceVersion "1"]
[SourceVersionDate "2019.09.30"]
[SourceQuality "1"]
[WhiteTeam "China"]
[BlackTeam "United States"]
[WhiteTeamCountry "CHN"]
[BlackTeamCountry "USA"]

1. e4 c5 2. Nf3 Nc6 3. d4 cxd4 4. Nxd4 e5 5. Nb5 d6 6. c4 Be7 7. N1c3 a6 8. Na3 f5 9. exf5 Bxf5 10. Nc2 Nf6 11. Ne3 Be6 12. Bd3 0-0 13. 0-0 Qd7 14. Ned5 Rae8 15. Nxf6+ Rxf6 16. Nd5 Bxd5 17. cxd5 Nd4 18. Be3 Nf5 19. Qg4 Ref8 20. Rac1 Bd8 21. Kh1 Qf7 22. Qe4 Qg6 23. Qb4 b5 24. Qa3 a5 25. Bxb5 Nxe3 26. Qxe3 Qf7 27. f3 Qb7 28. a4 Bb6 29. Qd2 Rf4 30. Rc6 Qb8 31. Rfc1 Rd4 32. Qc2 Bc5 33. Bd3 h6 34. b3 Kh8 35. Be4 Qb4 36. Rd1 Rxd1+ 37. Qxd1 Kg8 38. g3 Qc3 39. Rc7 Rb8 1/2-1/2

[Event "IECC Swiss-443.4"]
[Site "IECC email"]
[Date "2004.01.18"]
[Round "?"]
[White "Shchepetnev, Vasiliy"]
[Black "Sheng, Wu"]
[Result "1/2-1/2"]
[WhiteElo "1934"]
[BlackElo "1249"]
[PlyCount "90"]
[EventDate "2004.??.??"]
[EventType "swiss (corr)"]
[EventRounds "1"]
[SourceTitle "Corr 2020"]
[Source "ChessBase"]
[SourceDate "2019.09.30"]
[SourceVersion "1"]
[SourceVersionDate "2019.09.30"]
[SourceQuality "1"]
[WhiteTeam "Russia"]
[BlackTeam "China"]
[WhiteTeamCountry "RUS"]
[BlackTeamCountry "CHN"]

1. e4 e5 2. f4 d5 3. exd5 e4 4. d3 Nf6 5. Qe2 Qxd5 6. Nc3 Bb4 7. Bd2 Bxc3 8. Bxc3 Be6 9. Bxf6 exd3 10. Qxd3 Qxd3 11. Bxd3 gxf6 12. 0-0-0 Nd7 13. Ne2 0-0-0 14. Nc3 Nc5 15. Be2 f5 16. Bf3 c6 17. g3 h5 18. Rxd8+ Kxd8 19. h4 Nd7 20. b3 Nf6 21. Rd1+ Kc7 22. Rd3 Rg8 23. Ne2 b5 24. a3 a6 25. Kb2 Kb6 26. c3 a5 27. Bg2 Ne4 28. Nd4 Bd5 29. Nxf5 Nxc3 30. Ne7 Rg7 31. Nxd5+ Nxd5 32. Bxd5 cxd5 33. Rxd5 Rxg3 34. Rxh5 Rg4 35. f5 Rf4 36. Kc3 Kc5 37. f6+ Kc6 38. Rh6 Kc5 39. Rh5+ Kc6 40. Rh6 Kc5 41. b4+ axb4+ 42. axb4+ Kd5 43. Rh5+ Kc6 44. Rh6 Kd5 45. Rh5+ Kc6 1/2-1/2

[Event "IECC O email"]
[Site "IECC email"]
[Date "2001.12.05"]
[Round "?"]
[White "Sheng, Wu"]
[Black "Laporte, Francois"]
[Result "1-0"]
[WhiteElo "1062"]
[BlackElo "1100"]
[PlyCount "59"]
[EventDate "2001.??.??"]
[EventType "tourn (corr)"]
[EventRounds "6"]
[SourceTitle "Corr 2008"]
[Source "ChessBase"]
[SourceDate "2008.06.24"]
[SourceVersion "1"]
[SourceVersionDate "2008.06.24"]
[SourceQuality "1"]

1. e4 e5 2. Nf3 Nc6 3. Bb5 Bd6 4. 0-0 Nf6 5. Re1 0-0 6. c3 a6 7. Ba4 b5 8. Bc2 Na5 9. d4 Re8 10. b4 exd4 11. e5 Bxe5 12. Nxe5 Nc6 13. cxd4 Nxb4 14. Bb3 d5 15. a3 Ng4 16. axb4 Nxe5 17. Rxe5 Rxe5 18. dxe5 c6 19. Nc3 Be6 20. Bc2 h6 21. Qd3 g6 22. Bxh6 Kh7 23. Be3 Qe7 24. Bc5 Qg5 25. Qe3 Qh5 26. Bd1 Qh6 27. Ne2 Bg4 28. Qxh6+ Kxh6 29. f3 Bd7 30. Nd4 1-0

[Event "IECC O email"]
[Site "IECC email"]
[Date "2001.11.27"]
[Round "?"]
[White "Spina, Sergio"]
[Black "Sheng, Wu"]
[Result "1-0"]
[WhiteElo "1057"]
[BlackElo "1111"]
[PlyCount "75"]
[EventDate "2001.??.??"]
[EventType "tourn (corr)"]
[EventRounds "6"]
[SourceTitle "Corr 2008"]
[Source "ChessBase"]
[SourceDate "2008.06.24"]
[SourceVersion "1"]
[SourceVersionDate "2008.06.24"]
[SourceQuality "1"]

1. e4 e5 2. Nf3 Nc6 3. Bb5 a6 4. Ba4 Nf6 5. 0-0 Be7 6. Re1 b5 7. Bb3 d6 8. c3 0-0 9. h3 Bb7 10. d4 Re8 11. Nbd2 Bf8 12. a4 h6 13. Bc2 exd4 14. cxd4 Nb4 15. Bb1 c5 16. d5 Nd7 17. Ra3 f5 18. Nh2 Nf6 19. Rf3 Re5 20. Rxf5 Rxf5 21. exf5 Bxd5 22. Ng4 Bf7 23. Nxf6+ Qxf6 24. Ne4 Qxf5 25. axb5 axb5 26. Bd2 Qh5 27. Qc1 Nc6 28. Qc2 Bg6 29. Qb3+ d5 30. Ng3 Nd4 31. Qc3 b4 32. Qe3 Qg5 33. Qxg5 hxg5 34. Bxg6 Ra2 35. Nf5 Rxb2 36. Ne7+ Kh8 37. Bxg5 b3 38. Re5 1-0

[Event "IECC M email"]
[Site "IECC email"]
[Date "2001.09.06"]
[Round "?"]
[White "Roderick, Rupert"]
[Black "Sheng, Wu"]
[Result "0-1"]
[WhiteElo "1012"]
[BlackElo "1003"]
[PlyCount "30"]
[EventDate "2001.??.??"]
[EventType "tourn (corr)"]
[EventRounds "6"]
[SourceTitle "Corr 2008"]
[Source "ChessBase"]
[SourceDate "2008.06.24"]
[SourceVersion "1"]
[SourceVersionDate "2008.06.24"]
[SourceQuality "1"]

1. d4 Nf6 2. Nc3 d5 3. e3 e6 4. Bd2 c5 5. Nf3 Nc6 6. Bb5 Bd7 7. dxc5 Bxc5 8. Na4 Bd6 9. 0-0 Qc7 10. c4 dxc4 11. Bxc4 Ne5 12. Nh4 Qxc4 13. Nc3 Qxh4 14. Ne2 Nf3+ 15. gxf3 Qxh2# 0-1